Industria y paisaje (Registro nro. 1521)

Detalles MARC
000 -LEADER
fixed length control field 01295 a2200229 4500
001 - CONTROL NUMBER
control field 26938
005 - DATE AND TIME OF LATEST TRANSACTION
control field 20260407155547.0
008 - FIXED-LENGTH DATA ELEMENTS--GENERAL INFORMATION
fixed length control field 260407a1979 arg spa d
003 - CONTROL NUMBER IDENTIFIER
control field AR-UNSa-BCEJYS
040 ## - CATALOGING SOURCE
Original cataloging agency AR-UNSa-BCEJYS
Language of cataloging spa
Transcribing agency AR-UNSa-BCEJYS
080 ## - UNIVERSAL DECIMAL CLASSIFICATION NUMBER
Universal Decimal Classification number 502.6
Common auxiliary subdivision Protección de la naturaleza inanimada y del paisaje
020 ## - INTERNATIONAL STANDARD BOOK NUMBER
International Standard Book Number 84-7088-230-9
100 1# - MAIN ENTRY--PERSONAL NAME
Personal name Tandy, Cliff
245 10 - TITLE STATEMENT
Title Industria y paisaje
264 #1 - PRODUCTION, PUBLICATION, DISTRIBUTION, MANUFACTURE, AND COPYRIGHT NOTICE
Place of production, publication, distribution, manufacture Madrid :
Name of producer, publisher, distributor, manufacturer Instituto de Estudios de Administración Local
Date of production, publication, distribution, manufacture, or copyright notice 1979
300 ## - PHYSICAL DESCRIPTION
Extent 386 p.
Dimensions 28 cm.
505 ## - FORMATTED CONTENTS NOTE
Formatted contents note 1. Introducción - 2. Historia de la industria y de su incidencia sobre el paisaje - 3. Desarrollo de ciertas industrias con acusada incidencia sobre el medio ambiente - 4. Problemas de planeamiento paisajístico que surgen de la utilización industrial del suelo - 5. Clasificación de las industrias atendiendo a los problemas creados por su incidencia sobre el paisaje - 6. Diseño del paisaje para la industria: problemas comunes - 7. Diseño del paisaje para la industria: problemas específicos - 8. Abandono y destrucción del medio ambiente ocasionados por la industria - 9. Detalles de construcción - 10. El futuro
590 ## - LOCAL NOTE (RLIN)
Local note niveau_biblio:m niveau_hierar:0
700 1# - ADDED ENTRY--PERSONAL NAME
Personal name Nelson, Peter
700 1# - ADDED ENTRY--PERSONAL NAME
Personal name Hernández Orozco, Joaquín
942 ## - ADDED ENTRY ELEMENTS (KOHA)
Koha item type
Existencias
Withdrawn status Lost status Damaged status Not for loan Home library Current library Shelving location Date acquired Total checkouts Full call number Barcode Date last seen Price effective from Koha item type
        Biblioteca Prof. Eusebio Cleto del Rey Biblioteca Prof. Eusebio Cleto del Rey   07/04/2026   502.6 T163 L58455 07/04/2026 07/04/2026 Libro